LAUDACIO PROFESORU JOHANNU PAULU ARNASONOVI

Bibliographic Details
Main Author: Hrubec, Marek, 1968- (Author)
Format: Article
Language:Slovak
Czech

MARC

LEADER 00000nab a2200000 a 4500
001 vtls010705236
003 SK-MaSNL
005 20260304185446.0
008 250709s2012 xo |||||||||||||||||slo|
035 |a (urnnbn)urn:nbn:sk:snk:ar-a03zex 
035 |a (uuid)25b2ae70-f65a-4932-b999-892e06c5f326 
035 |a urn:nbn:sk:snk-ab39ty 
040 |a SNKBUCL  |b slo  |c SNKBUCL  |e AACR2 
041 0 |a cze 
044 |a xo  |c SK 
100 1 |a Hrubec, Marek,  |d 1968-  |4 aut  |9 211665 
245 1 0 |a LAUDACIO PROFESORU JOHANNU PAULU ARNASONOVI  |c Marek Hrubec 
773 0 |t Filozofia  |g Roč. 67, č. 7 (2012), s. 610-611 
850 |a Slovenská národná knižnica 
852 |a Slovenská národná knižnica 
954 |a odborná, vedecká literatúra cudzojazyčná (svetová)  |2 lita 
954 |a odborná, vedecká literatúra pôvodná (slovenská)  |2 lita 
958 |a article1 
958 |a OND 
958 |a EUIPO 
999 |c 3043607  |d 3045537